| 000 | 01407nam a22002777a 4500 | ||
|---|---|---|---|
| 003 | PE SENCICO BE | ||
| 005 | 20251020182625.0 | ||
| 008 | 230126b |||||||| |||| 00| 0 eng d | ||
| 020 | _a978-84-252-2071-5 | ||
| 040 |
_aPE SENCICO BE _cPE SENCICO BE |
||
| 041 | _aspa | ||
| 082 |
_a711.42 _bH51 |
||
| 100 | 1 |
_9527 _aUrbanismo |
|
| 245 | 1 |
_aUrbanismo bioclimático / _cEster Higueras |
|
| 250 | _a1a ed. | ||
| 260 |
_aBarcelona : _bGustavo Gili, _c2012 |
||
| 300 |
_a241 p. : _bil., diagrs. ; _c24 cm. |
||
| 504 | _aBibliografía: p. [230]-241 | ||
| 505 | 3 | _aIntroducción -- El urbanismo bioclimático en la ciudad histórica. Ciudades orgánicas y geométricas -- La ciudad jardín -- La ciudad del movimiento moderno -- Situación actual, patologías urbanas y huella ecológica -- Conocimiento del medio físico y ambiental -- Conocimiento del clima -- Planeamiento territorial -- El plan de ordenación urbana con criterios ambientales -- Aportaciones significativas -- Estrategias bioclimáticas para el sistema general vario -- Estrategias bioclimáticas para el sistema general de zonas verdes y espacios libres -- Ordenanzas ambientales | |
| 650 | 1 | 4 |
_978 _aUrbanismo _xAspectos ambientales |
| 650 | 2 | 4 |
_9528 _aPlanificación urbana |
| 650 | 2 | 4 |
_9406 _aEcología urbana |
| 650 | 2 | 4 |
_976 _aHistoria urbana |
| 910 |
_bhfp _chfp |
||
| 942 |
_2ddc _cLIB _h711.42 _iH51 |
||
| 999 |
_c3796 _d3796 |
||